Diagnosis of plant viruses and allied pathogens (Record no. 149017)

MARC details
000 -LEADER
fixed length control field 00538nam a2200193Ia 4500
008 - FIXED-LENGTH DATA ELEMENTS--GENERAL INFORMATION
fixed length control field 191130s2010##################000#0#eng##
020 ## - INTERNATIONAL STANDARD BOOK NUMBER
ISBN 9789380012124
082 ## - DEWEY DECIMAL CLASSIFICATION NUMBER
Classification number 579.28 AHL
100 ## - MAIN ENTRY--AUTHOR NAME
Personal name Ahlawat, Y S
245 ## - TITLE STATEMENT
Title Diagnosis of plant viruses and allied pathogens
Statement of responsibility, etc Y S Ahlawat
260 ## - PUBLICATION, DISTRIBUTION, ETC. (IMPRINT)
Place of publication New delhi
Name of publisher [publisher not identified]
Year of publication 2010
300 ## - PHYSICAL DESCRIPTION
Number of Pages x, 224p
500 ## - GENERAL NOTE
General note Includes index
650 ## - SUBJECT ADDED ENTRY--TOPICAL TERM
Topical Term Plant viruses
991 ## -
-- 239299
Holdings
Withdrawn status Lost status Damaged status Not for loan Home library Current library Shelving location Date acquired Full call number Accession Number Price effective from Koha item type
        Anna Centenary Library Anna Centenary Library 5TH FLOOR, A WING 12.10.2020 579.28 AHL 327974 12.10.2020 English Books

Find us on the map